| 000 | 00645nam a22001697a 4500 | ||
|---|---|---|---|
| 999 |
_c14839 _d14839 |
||
| 008 | 200110b ||||| |||| 00| 0 eng d | ||
| 082 |
_2Digos City _aUT 1404 _bAr31 |
||
| 100 |
_aAredidon, Anevie Joyce B. _941202 |
||
| 245 |
_aTax Allocation of Digos City/ _cAnevie Joyce B. Aredidon, Kareen J. De Guzman & Audrey A. Velasco |
||
| 260 |
_aDigos City _bUMDC _cOctober 2015 |
||
| 300 |
_a36 pages _c30cm |
||
| 650 |
_aBusiness Administration _vAccounting Technology _xUndergraduate Thesis _941203 |
||
| 700 |
_aAredidon, Anevie Joyce B. _941204 |
||
| 700 |
_aDe Guzman, Kareen J. _941205 |
||
| 700 |
_aVelasco, Audrey A. _941206 |
||
| 942 |
_2ddc _cUT |
||